ঘরের ডাক / (Record no. 41002)
[ view plain ]
| 000 -LEADER | |
|---|---|
| fixed length control field | 00838nam a2200229 a 4500 |
| 001 - CONTROL NUMBER | |
| control field | 41002 |
| 003 - CONTROL NUMBER IDENTIFIER | |
| rucl marc code | BD-RjUL |
| 005 - DATE AND TIME OF LATEST TRANSACTION | |
| control field | 20211209053318.0 |
| 008 - FIXED-LENGTH DATA ELEMENTS--GENERAL INFORMATION | |
| fixed length control field | 160514b ii ||||| |||| 00| f ben d |
| 020 ## - INTERNATIONAL STANDARD BOOK NUMBER | |
| Terms of availability | IRs. 2.00 |
| 035 ## - SYSTEM CONTROL NUMBER | |
| System control number | (BD-RjUL)41118 |
| 040 ## - CATALOGING SOURCE | |
| Original cataloging agency | BD-RjUL |
| Language of cataloging | ben |
| Transcribing agency | BD-RjUL |
| Modifying agency | BD-RjUL |
| 041 ## - LANGUAGE CODE | |
| Language code of text/sound track or separate title | ben |
| 082 ## - DEWEY DECIMAL CLASSIFICATION NUMBER | |
| Edition number | 23 |
| Classification number | 891.443 |
| Author mark and year | CHG |
| 100 ## - MAIN ENTRY--PERSONAL NAME | |
| Personal name | চৌধুরী, শ্রীবিশ্বপতি |
| 9 (RLIN) | 126179 |
| 245 10 - TITLE STATEMENT | |
| Title | ঘরের ডাক / |
| Statement of responsibility, etc. | শ্রীবিশ্বপতি চৌধুরী |
| 260 ## - PUBLICATION, DISTRIBUTION, ETC. (IMPRINT) | |
| Place of publication, distribution, etc. | কলিকাতা : |
| Name of publisher, distributor, etc. | গুরুদাস চট্টোপাধ্যায় এন্ড সন্স, |
| Date of publication, distribution, etc. | [?] |
| 300 ## - PHYSICAL DESCRIPTION | |
| Pagination | [৪], ১৮০ পৃ. ; |
| Size | ১৬ সেমি. |
| 650 ## - SUBJECT ADDED ENTRY--TOPICAL TERM | |
| Topical term or geographic name as entry element | বাংলা উপন্যাস |
| 9 (RLIN) | 126180 |
| Topical term or geographic name as entry element | Bengali Fiction |
| 9 (RLIN) | 126181 |
| 942 ## - ADDED ENTRY ELEMENTS (KOHA) | |
| Source of classification or shelving scheme | Dewey Decimal Classification |
| Koha item type | Books |
| Lost status | Source of classification or shelving scheme | Damaged status | Not for loan | Collection code | Permanent Location | Current Location | Shelving location | Date acquired | Source of acquisition | Cost, normal purchase price | Total Checkouts | Full call number | Date last seen | Copy number | Koha item type |
|---|---|---|---|---|---|---|---|---|---|---|---|---|---|---|---|
| Dewey Decimal Classification | Not For Loan | Fiction | Central Library, University of Rajshahi | Central Library, University of Rajshahi | Reading Room | 29/01/1958 | Kamala Book, Calcutta | 2.00 | B 891.443 CHG | 14/05/2016 | C-1 | Books |